Science Quiz

Random Science Quiz

Periodic iums Quiz Stats

 Plays Quiz not verified by Sporcle

Challenge
Share
Tweet
Embed
Score 0/74 Timer 10:00
0 Plays Today
Atomic Number Element % Correct
3lithium
94.2%
20calcium
92.3%
2helium
86.5%
4beryllium
84.6%
12magnesium
80.8%
11sodium
78.8%
19potassium
75%
56barium
75%
32germanium
73.1%
84polonium
73.1%
34selenium
71.2%
90thorium
71.2%
92uranium
71.2%
22titanium
69.2%
99einsteinium
69.2%
91protactinium
65.4%
24chromium
63.5%
38strontium
63.5%
94plutonium
63.5%
95americium
63.5%
98californium
63.5%
31gallium
61.5%
44ruthenium
61.5%
58cerium
61.5%
23vanadium
59.6%
39yttrium
59.6%
52tellurium
59.6%
87francium
59.6%
88radium
59.6%
70ytterbium
57.7%
21scandium
55.8%
48cadmium
55.8%
89actinium
55.8%
37rubidium
53.8%
40zirconium
53.8%
45rhodium
53.8%
55cesium
53.8%
Atomic Number Element % Correct
72hafnium
53.8%
66dysprosium
53.8%
71lutetium
53.8%
49indium
51.9%
77iridium
51.9%
81thallium
51.9%
63europium
51.9%
96curium
51.9%
102nobelium
51.9%
103lawrencium
51.9%
112copernicium
51.9%
46palladium
50%
62samarium
50%
68erbium
50%
93neptunium
50%
76osmium
48.1%
59praseodymium
48.1%
69thulium
48.1%
104rutherfordium
48.1%
67holmium
46.2%
97berkelium
46.2%
41niobium
44.2%
75rhenium
44.2%
100fermium
44.2%
101mendelevium
44.2%
106seaborgium
44.2%
107bohrium
44.2%
108hassium
44.2%
60neodymium
40.4%
61promethium
40.4%
64gadolinium
40.4%
65terbium
40.4%
109meitnerium
40.4%
110darmstadtium
40.4%
111roentgenium
38.5%
105dubnium
36.5%
43technitium
28.8%

You're not logged in!

Compare scores with friends on all Sporcle quizzes.
Join for Free
OR
Log In

You Might Also Like...

Show Comments

Extras

Top Quizzes Today


Score Distribution

Your Account Isn't Verified!

In order to create a playlist on Sporcle, you need to verify the email address you used during registration. Go to your Sporcle Settings to finish the process.

Report this User

Report this user for behavior that violates our Community Guidelines.

Details: